[Event "FRA-chT2D 0506"]
[Site "France"]
[Date "2006.04.01"]
[Round "10.7"]
[White "Vinot, Serge"]
[Black "Lersy, Xavier"]
[Result "1/2-1/2"]
[WhiteElo "2191"]
[BlackElo "2027"]
[PlyCount "93"]
[EventDate "2005.10.27"]
[EventType "team-tourn"]
[EventRounds "11"]
[EventCountry "FRA"]
[SourceTitle "EXT 2006"]
[Source "ChessBase"]
[SourceDate "2005.11.24"]
[SourceVersion "1"]
[SourceVersionDate "2005.11.24"]
[SourceQuality "1"]
[WhiteTeam "Chalon"]
[BlackTeam "Paris NAO II"]
[WhiteTeamCountry "FRA"]
[BlackTeamCountry "FRA"]

1. d4 d6 2. c4 Nd7 3. Nc3 c6 4. e4 e5 5. Nf3 g6 6. Be2 Bg7 7. 0-0 Ngf6 8. dxe5 dxe5 9. Be3 Qc7 10. h3 0-0 11. Qd2 Nh5 12. Rfd1 Nf4 13. Bf1 Re8 14. Qd6 Qxd6 15. Rxd6 Bf8 16. Rd2 f6 17. Rad1 Nc5 18. Kh2 Nce6 19. g3 Nh5 20. a3 b6 21. Be2 Nhg7 22. Na2 Nc5 23. Nc3 Nb3 24. Rd8 Be6 25. Rxa8 Rxa8 26. g4 g5 27. Kg3 Na5 28. Nd2 Rd8 29. b4 Nb7 30. f3 Bf7 31. h4 h6 32. hxg5 hxg5 33. Ra1 Ne6 34. b5 Na5 35. bxc6 Nxc6 36. Nd5 Kg7 37. Nb3 Ned4 38. Nxd4 exd4 39. Bf2 Bd6+ 40. Kg2 Bc5 41. a4 Ne7 42. a5 Bxd5 43. cxd5 Ng6 44. Bg3 bxa5 45. Rxa5 Bb6 46. Ra4 Rc8 47. Rc4 1/2-1/2

[Event "FRA-chT2O 0203"]
[Site "France"]
[Date "2003.04.05"]
[Round "10.8"]
[White "Elsaesser, Thomas"]
[Black "Vinot, Serge"]
[Result "0-1"]
[WhiteElo "1920"]
[BlackElo "2185"]
[PlyCount "96"]
[EventDate "2002.10.??"]
[EventType "team"]
[EventRounds "11"]
[EventCountry "FRA"]
[SourceTitle "EXT 2004"]
[Source "ChessBase"]
[SourceDate "2003.11.25"]
[SourceVersion "1"]
[SourceVersionDate "2003.11.25"]
[SourceQuality "1"]
[WhiteTeam "Selestat"]
[BlackTeam "Chalons en Champagne"]
[WhiteTeamCountry "FRA"]
[BlackTeamCountry "FRA"]

1. e4 g6 2. d4 Bg7 3. Nf3 d6 4. Bc4 Nf6 5. Nc3 0-0 6. 0-0 Nxe4 7. Nxe4 d5 8. Bd3 dxe4 9. Bxe4 Nd7 10. c3 Nf6 11. Bc2 b6 12. Re1 Bb7 13. Qe2 e6 14. Ng5 h6 15. Ne4 Nd5 16. Bd2 a5 17. Rac1 Qh4 18. Ng3 Nf4 19. Bxf4 Qxf4 20. Be4 Ba6 21. Qe3 Qxe3 22. Rxe3 Rad8 23. Rce1 f5 24. Bd3 f4 25. Bxa6 fxe3 26. Rxe3 Rfe8 27. Bc4 Rd6 28. Ne4 Rdd8 29. f4 Kh8 30. Kf1 Rf8 31. Rf3 Rde8 32. Ke2 Re7 33. a3 Rc8 34. Ba6 Rb8 35. Bb5 c5 36. Rd3 cxd4 37. cxd4 Rc7 38. Rc3 Rf7 39. Ke3 Rd8 40. Rd3 Rc7 41. Nc3 h5 42. g3 h4 43. Ke4 Bf6 44. d5 Bxc3 45. bxc3 exd5+ 46. Ke5 Kg7 47. Rxd5 Rxd5+ 48. Kxd5 Rc5+ 0-1

[Event "FRA-chT2O 0203"]
[Site "France"]
[Date "2002.12.08"]
[Round "4.7"]
[White "Vinot, Serge"]
[Black "Jablonski, Noham"]
[Result "1-0"]
[WhiteElo "2185"]
[BlackElo "2182"]
[PlyCount "47"]
[EventDate "2002.10.??"]
[EventType "team"]
[EventRounds "11"]
[EventCountry "FRA"]
[SourceTitle "EXT 2004"]
[Source "ChessBase"]
[SourceDate "2003.11.25"]
[SourceVersion "1"]
[SourceVersionDate "2003.11.25"]
[SourceQuality "1"]
[WhiteTeam "Chalons en Champagne"]
[BlackTeam "Vincennes"]
[WhiteTeamCountry "FRA"]
[BlackTeamCountry "FRA"]

1. d4 d5 2. c4 e6 3. Nc3 Bb4 4. a3 Bxc3+ 5. bxc3 Ne7 6. e3 0-0 7. cxd5 exd5 8. Bd3 c5 9. Ne2 Nbc6 10. Ng3 Be6 11. Qh5 Ng6 12. f4 f5 13. Nxf5 Qf6 14. Ng3 cxd4 15. 0-0 Bf7 16. cxd4 Nxd4 17. Rb1 Ne6 18. Bb2 Qd8 19. Rf3 Nc5 20. Bc2 Re8 21. Nf5 Ne4 22. Bxe4 Rxe4 23. Rh3 Nf8 24. Qh6 1-0

[Event "FRA-chT2"]
[Site "France"]
[Date "2001.11.??"]
[Round "3"]
[White "Joly, Fabrice"]
[Black "Vinot, Serge"]
[Result "1/2-1/2"]
[WhiteElo "2117"]
[BlackElo "2185"]
[PlyCount "156"]
[EventDate "2002.??.??"]
[EventType "team"]
[EventRounds "11"]
[EventCountry "FRA"]
[SourceTitle "EXT 2003"]
[Source "ChessBase"]
[SourceDate "2002.11.25"]
[SourceVersion "1"]
[SourceVersionDate "2002.11.25"]
[SourceQuality "1"]

1. d4 Nf6 2. Nf3 g6 3. g3 Bg7 4. Bg2 0-0 5. 0-0 d6 6. c4 Nc6 7. Nc3 a6 8. h3 Rb8 9. e4 e5 10. Be3 Nd7 11. dxe5 Ndxe5 12. Nxe5 Nxe5 13. Qe2 Be6 14. Nd5 b5 15. cxb5 axb5 16. Rad1 c6 17. f4 Nc4 18. Nb4 Qc8 19. b3 Nxe3 20. Qxe3 c5 21. Nc2 Bxh3 22. Rxd6 Bxg2 23. Kxg2 Re8 24. Rfd1 Qb7 25. R6d5 Bf8 26. Qf3 Qa6 27. a3 c4 28. b4 Qa4 29. R1d2 Rec8 30. f5 Qb3 31. Qxb3 cxb3 32. Nd4 Ra8 33. Nxb3 Rxa3 34. Nc5 Rc3 35. Rd8 Rxd8 36. Rxd8 Kg7 37. f6+ Kxf6 38. Rxf8 Rc4 39. e5+ Kxe5 40. Rxf7 h5 41. Rb7 Kf5 42. Nd3 Ke4 43. Nf2+ Ke3 44. Rxb5 Rc2 45. Re5+ Kd4 46. Re4+ Kd5 47. Rf4 Rb2 48. Rf6 Rxb4 49. Rxg6 h4 50. g4 Rb2 51. Rh6 Ke5 52. Rxh4 Kf6 53. Rh5 Kg6 54. Rc5 Rb3 55. Nh3 Ra3 56. Rc6+ Kg7 57. Ng5 Re3 58. Nf3 Ra3 59. Kg3 Rb3 60. g5 Rb4 61. Nh4 Ra4 62. Rc7+ Kg8 63. Ng6 Rg4+ 64. Kf3 Rxg5 65. Nh4 Ra5 66. Kg4 Ra1 67. Nf3 Rf1 68. Ne5 Rg1+ 69. Kf5 Rf1+ 70. Kg5 Rg1+ 71. Ng4 Rg2 72. Kf5 Rg1 73. Nf6+ Kf8 74. Ke6 Re1+ 75. Kf5 Re5+ 76. Kf4 Rf5+ 77. Ke3 Rxf6 78. Ke4 Ra6 1/2-1/2

[Event "FRA-chT2"]
[Site "France"]
[Date "2001.10.??"]
[Round "1"]
[White "Vinot, Serge"]
[Black "Emmenecker, Philippe"]
[Result "1/2-1/2"]
[WhiteElo "2185"]
[BlackElo "2204"]
[PlyCount "80"]
[EventDate "2002.??.??"]
[EventType "team"]
[EventRounds "11"]
[EventCountry "FRA"]
[SourceTitle "EXT 2003"]
[Source "ChessBase"]
[SourceDate "2002.11.25"]
[SourceVersion "1"]
[SourceVersionDate "2002.11.25"]
[SourceQuality "1"]

1. d4 Nf6 2. c4 g6 3. Nc3 Bg7 4. e4 d6 5. Nf3 0-0 6. Be2 e5 7. d5 a5 8. Bg5 h6 9. Bh4 Na6 10. Nd2 Qe8 11. 0-0 Nh7 12. a3 Bd7 13. b3 h5 14. f3 Bh6 15. Rb1 Be3+ 16. Kh1 Bc5 17. Qc1 f5 18. exf5 gxf5 19. Na2 Qg6 20. b4 Be3 21. Qc3 Qh6 22. Nb3 axb4 23. axb4 Nc5 24. Nac1 Nxb3 25. Nxb3 Ra2 26. Rb2 Ra3 27. Qc2 Ba4 28. Qb1 b6 29. Bd3 Bd7 30. Ra2 Rfa8 31. Rxa3 Rxa3 32. Qb2 Ra8 33. Ra1 Qf8 34. Qb1 Rxa1 35. Qxa1 Qb8 36. Qb1 Qf8 37. g4 hxg4 38. fxg4 e4 39. Be2 Qe8 40. gxf5 Bxf5 1/2-1/2

[Event "Najdorf mem-A corr"]
[Site "Argentina"]
[Date "2001.??.??"]
[Round "?"]
[White "Mercadal Benejam, Josep"]
[Black "Vinot, Serge"]
[Result "0-1"]
[WhiteElo "2519"]
[BlackElo "2524"]
[PlyCount "70"]
[EventDate "2001.03.??"]
[EventType "tourn (corr)"]
[EventRounds "13"]
[EventCountry "ARG"]
[SourceTitle "Corr 2004"]
[Source "ChessBase"]
[SourceDate "2003.04.28"]
[SourceVersion "3"]
[SourceVersionDate "2003.04.28"]
[SourceQuality "1"]

1. d4 Nf6 2. c4 g6 3. Nc3 Bg7 4. e4 d6 5. f4 0-0 6. Nf3 Na6 7. Bd3 e5 8. fxe5 dxe5 9. d5 c6 10. 0-0 cxd5 11. cxd5 Ne8 12. Be3 Nd6 13. Qb3 f5 14. Nd2 f4 15. Bf2 g5 16. Nc4 g4 17. Nxd6 Qxd6 18. Nb5 Qh6 19. Bc4 f3 20. Be3 Qg6 21. Nxa7 Kh8 22. Rae1 g3 23. Rxf3 Rxf3 24. gxf3 Bh3 25. Bf1 gxh2+ 26. Kh1 Bxf1 27. Rxf1 Rg8 28. d6 Bh6 29. Qxg8+ Kxg8 30. d7 Qd6 31. Bxh6 Qxd7 32. Kxh2 Kf7 33. Rg1 Qd4 34. Rg7+ Kf6 35. Rxb7 Kg6 0-1